000 00591nam a22001817a 4500
005 20170914122837.0
010 _a1718EN-30
020 _a9789385985003
_c475.00
037 _bAakar
_adpl
100 _aBelhekar, Vivek M.
245 _aStatistics for psychology using R
_cby Vivek M.Belhekar
260 _aNew Delhi
_bSAGE Publications
_c2016
270 _aB1/1-1Mohan Cooperative Industrial Area,Mathura Road
_bNew Delhi
_e110044
300 _axiv,378p,
_c23cm (pbk)
500 _aIncludes appendix and index
942 _2ddc
_cEN
_mBEL
999 _c144590
_d144590